Normal view MARC view
  • Lundin S C; Paul H & Christensen J

Entry Personal Name

Number of records used in: 1

001 - CONTROL NUMBER

  • control field: 114395

003 - CONTROL NUMBER IDENTIFIER

  • control field: OSt

005 - DATE AND TIME OF LATEST TRANSACTION

  • control field: 20230125044710.0

008 - FIXED-LENGTH DATA ELEMENTS

  • fixed length control field: 230125|| aca||aabn | a|a d

040 ## - CATALOGING SOURCE

  • Original cataloging agency: OSt
  • Transcribing agency: OSt

100 ## - HEADING--PERSONAL NAME

  • Personal name: Lundin S C; Paul H & Christensen J

670 ## - SOURCE DATA FOUND

  • Source citation: Work cat.: (OSt)91786: Lundin S C 109654, Fish : A Remarkable Way to boost moral and improve results, 2000